000 00703cab a2200265 4500
001 ABS57458
008 090401t1997 xxu||||| |||| 00| 0 eng d
035 _a(Sirsi) u80258
041 _aeng
100 _aFanning, D.
245 _aWelsh wrangle
260 _c1997
350 _a0
490 _aEstates Gazette
_v(9731) 2 August 1997, 44-45(2)
520 _aInvestigates the Welsh business community`s reactions to the plans for a Welsh assembly.
650 _aBUSINESS COMMUNITY
650 _aBUSINESSES
650 _aDEVOLUTION
650 _aLABOUR GOVERNMENT
650 _aWALES
650 _aWELSH ASSEMBLY
690 _aECONOMIC AND SOCIAL
942 _n0
948 _c14/08/1997
999 _c50524
_d50524